| 000 | 00446nam a2200181Ia 4500 | ||
|---|---|---|---|
| 001 | 10828 | ||
| 005 | 20260306161901.0 | ||
| 008 | 260306t1966||||xx |||||||||||||| ||spa|| | ||
| 041 | _aESP | ||
| 082 |
_a973.92 _bS68 V. 2 |
||
| 100 |
_aSorensen, Theodore C., _eAUT |
||
| 245 | 0 |
_aKennedy : _bel hombre, el presidente |
|
| 260 | _c1966 | ||
| 300 |
_aPáginas 508-1156 : _c22 cm. |
||
| 650 | _aGEN | ||
| 654 | _aCHU | ||
| 942 |
_cLIB _dJUS _fJUS _2ddc _n |
||
| 999 |
_c10828 _d10828 |
||